Missing Word: 'B' #1s Quiz Stats

 Plays Quiz Updated Jun 8, 2012

Support Sporcle.
Go Orange.
Score 0/20 Timer 03:00
0 Plays Today
Single Title 'B' Word % Correct
You Give Love a ____ NameBad
96.1%
These ____ Are Made For Walking Boots
96%
Every ____ You TakeBreath
95.9%
Don't Go ____ My HeartBreaking
95.6%
____ JeanBillie
94.6%
Itsy Bitsy Teenie Weenie Yellow Polka Dot ____Bikini
90.9%
(Shake, Shake, Shake) Shake Your ____Booty
90.9%
I Got You ____Babe
90.7%
Can't ____ Me LoveBuy
90%
____ Over Troubled WaterBridge
89.1%
Single Title 'B' Word % Correct
Baby Got ____Back
85.3%
Another ____ in the Wall, Part IIBrick
83.8%
Up Where We ____Belong
80.1%
____ This WayBorn
79.3%
____ SugarBrown
77.1%
La ____Bamba
76.3%
Me and ____ McGeeBobby
74%
You're ____ Beautiful
71.9%
I'm a ____Believer
67.6%
____ LoveBleeding
48%

Today's Daily Dose

Missing Word
'80s Musicals

Word Ladder
Hereditary

Get the Picture
Food Names

From the Vault

Find the Hole Foods

by alvir28

This is quite different from trying to find the nearest Whole Foods.
Remove Ads.
Support Sporcle.
Get the best of Sporcle when you Go Orange. This ad-free experience offers more features, more stats, and more fun while also helping to support Sporcle. Thank you for becoming a member.

Show Comments

Extras

Top Quizzes Today


Score Distribution

Your Account Isn't Verified!

In order to create a playlist on Sporcle, you need to verify the email address you used during registration. Go to your Sporcle Settings to finish the process.

Report this User

Report this user for behavior that violates our Community Guidelines.

Details: